00619nam a2200193Ia 4500008004100000020001300041082001900054100002400073245004400097250000800141260003500149300002400184500001900208600002700227650001500254942000700269952013400276999001500410240925s9999 xx 000 0 und d a71137939 a621.381042 VAC aVaccano ,Richard J. 0aDigital control: a state space approach a4th aToronto:bMc Graw-Hillc,1995. a213p.bNAfOriginal aIncludes Index aElectronic Engineering aTechnology cBK 001040708ELaUITUbUITUd1997-12-24eRoyal Book Companyg654.00l0o621.381042 VACpQ1496r2024-09-25 07:12:27w2024-09-25yBK c3995d3995